000 00515nam a2200205Ia 4500
003 GCL
005 20240530100734.0
008 140319s9999 xx 000 0 eng d
040 _aGCL /
_cGCL
082 0 4 _a759
_bR G
100 1 _aRAGON, MICHEL
245 1 0 _aGUSTAVE COURBET /
_cRAGON, MICHEL
260 _a[S.N] :
_bEDITIONS DE VERGEURES ،
_c1981
300 _a56 PP
490 _aL'ECOLE DES GRANDS PEINTRES
_v0
650 0 4 _aARTS
650 0 4 _aPAINTING
650 0 4 _aGUSTAVE COURBET
942 _2ddc
_cBK
999 _c20335
_d20335